|
|
|
|
| LEADER |
00000cam a2200000 7i4500 |
| 001 |
0000001383 |
| 005 |
20010612.0 |
| 090 |
0 |
0 |
|a 674.5
|b MAL 1949
|
| 245 |
0 |
4 |
|a The MALAYAN grading rules (export) for rough sawn timber
|
| 260 |
0 |
0 |
|a (Kuala Lumpur) :
|b The Department of Forestry ,
|c 1949
|
| 300 |
|
|
|a 32 p. ;
|c 25 cm.
|
| 650 |
0 |
0 |
|a Timber
|z Malaysia
|x Grading
|
| 998 |
|
|
|a JPSM
|
| 999 |
|
|
|a 0000002440
|b Monograph
|c Open Shelf
|e Default branch
|
| 999 |
|
|
|a 0000002525
|b Monograph
|c Open Shelf
|e Default branch
|
| 999 |
|
|
|a 0000002526
|b Monograph
|c Open Shelf
|e Default branch
|
| 999 |
|
|
|a 0000002532
|b Monograph
|c Open Shelf
|e Default branch
|